<?xml version="1.0" encoding="UTF-8"?>
<collection xmlns="http://www.loc.gov/MARC21/slim">
 <record>
  <leader>01793nab a2200241 i 4500</leader>
  <controlfield tag="001">acta48148</controlfield>
  <controlfield tag="005">20250627151505.0</controlfield>
  <controlfield tag="008">170614s2017    hu      o     000   hun d</controlfield>
  <datafield tag="022" ind1=" " ind2=" ">
   <subfield code="a">1419-0222 (print), 2064-5929 (online, pdf)</subfield>
  </datafield>
  <datafield tag="024" ind1="7" ind2=" ">
   <subfield code="a">10.14232/belv.2017.1.9</subfield>
   <subfield code="2">doi</subfield>
  </datafield>
  <datafield tag="040" ind1=" " ind2=" ">
   <subfield code="a">SZTE Egyetemi Kiadványok Repozitórium</subfield>
   <subfield code="b">hun</subfield>
  </datafield>
  <datafield tag="041" ind1=" " ind2=" ">
   <subfield code="a">hun</subfield>
  </datafield>
  <datafield tag="041" ind1=" " ind2=" ">
   <subfield code="a">eng</subfield>
  </datafield>
  <datafield tag="100" ind1="1" ind2=" ">
   <subfield code="a">Zalai Anita</subfield>
  </datafield>
  <datafield tag="245" ind1="1" ind2="0">
   <subfield code="a">Franco és az 1956-os magyar forradalom</subfield>
   <subfield code="h">[elektronikus dokumentum] /</subfield>
   <subfield code="c"> Zalai Anita</subfield>
  </datafield>
  <datafield tag="260" ind1=" " ind2=" ">
   <subfield code="a">Belvedere Meridionale</subfield>
   <subfield code="b">Szeged</subfield>
   <subfield code="c">2017</subfield>
  </datafield>
  <datafield tag="300" ind1=" " ind2=" ">
   <subfield code="a">102-111</subfield>
  </datafield>
  <datafield tag="490" ind1="0" ind2=" ">
   <subfield code="a">Belvedere Meridionale</subfield>
   <subfield code="v">29 No. 1</subfield>
  </datafield>
  <datafield tag="520" ind1="3" ind2=" ">
   <subfield code="a">During the Cold War, in 1956, only Franco’s Spain showed a willingness to promise military intervention to the Hungarian Revolution fi ghting against the Soviet occupation. Th e Spanish head of state considered the Hungarian insurrection as the fi ght against communism. Spain took action on the situation of the Hungarian insurrection with detailed informations through the Ministry of Foreign Aff airs. Th e Spanish government took the initiative and played an active role in the United Nations in connection with the negotiation of the «Hungarian question». Furthermore, a secret plan was also drawn up in order to provide military help for the Hungarian revolution according to diplomatic documents. In order to execute the above mentioned plan the approval of the USA would have been needed. Th e United States refused to approve the plan.</subfield>
  </datafield>
  <datafield tag="650" ind1=" " ind2="4">
   <subfield code="a">Bölcsészettudományok</subfield>
  </datafield>
  <datafield tag="650" ind1=" " ind2="4">
   <subfield code="a">Történettudomány és régészet</subfield>
  </datafield>
  <datafield tag="695" ind1=" " ind2=" ">
   <subfield code="a">Külpolitika - spanyol-magyar, Magyarország története - 1956, Politika - Spanyolország - 1940-1950-es évek, Francisco Franco</subfield>
  </datafield>
  <datafield tag="856" ind1="4" ind2="0">
   <subfield code="u">http://acta.bibl.u-szeged.hu/48148/1/belvedere_2017_001_102-111.pdf</subfield>
   <subfield code="z">Dokumentum-elérés </subfield>
  </datafield>
 </record>
</collection>
